Quiz sur les super heros Marvel - Statistiques

Statistiques générales
  • Ce quiz a été pris 871 fois
  • Le résultat moyen est 21 sur 55
Statistiques - réponses
Indice Reponse % Correct
Avengers Iron Man
92%
Avengers Thor
85%
Avengers Captain America
83%
Avengers Hulk
82%
X-Men Wolverine
78%
Les Gardiens de la Galaxie Groot
76%
Avengers La Veuve noire
76%
Les Gardiens de la Galaxie Star-Lord
74%
Les Gardiens de la Galaxie Gamora
72%
SHIELD et Les 4 Fantastiques Spider-Man
70%
Les 4 Fantastiques La chose
65%
Les Gardiens de la Galaxie Drax
63%
Les 4 Fantastiques La Torche Humaine
61%
X-Men Charles Xavier
55%
X-Men Cyclope
52%
Les 4 Fantastiques Mister fantastic
49%
Les Vengeurs Ant-Man
48%
X-Men Tornade
48%
Les 4 Fantastiques La Femme invisible
45%
Avengers Oeil-de-Faucon
44%
Il a une moto et il a une chaine Ghost Rider
43%
Avengers Vision
42%
Les Vengeurs Captain Marvel
39%
Les Gardiens de la Galaxie Mantis
37%
X-Men Deadpool
36%
X-Men Jean Grey
35%
Les Vengeurs La Guepe
33%
Les Vengeurs Docteur Strange
30%
SHIELD Daredevil
29%
X-Men Le fauve
27%
Avengers War Machine
27%
Avengers et les Vengeurs La Sorciere rouge
25%
X-Men Colossus
23%
Les Vengeurs Luke Cage
23%
SHIELD Maria Hill
23%
Justice sois meme Punisher
23%
X-Men Iceberg
22%
Les nouveaux Vengeurs Iron Fist
22%
Les Gardiens de la Galaxie Rocket Raccoon
21%
Les Vengeurs Vif-Argent
21%
SHIELD Agent Coulson
20%
Asgard Heimdall
19%
Les Vengeurs La Panthere noire
19%
Les Gardiens de la Galaxie Yondu
17%
Les Vengeurs Miss Marvel
14%
Les Vengeurs Nova
14%
SHIELD Elektra
12%
Herauts de Galactus Surfer D'argent
12%
X-Men Gambit
10%
Les Vengeurs Miss Hulk
9%
X-Men Havok
8%
Les Vengeurs Moon knight
8%
Les Vengeurs Spider-Woman
7%
X-Men Le Hurleur
4%
Les Vengeurs Captain Britain
3%
Aucun quiz correspondant
Distribution des résultats
% des personnes avec chaque résultat
Percentile par nombre de réponses
Votre historique - résultats
Vous n’avez pas pris ce quiz